banner-ar

BACTERIOCINS OF LACTIC ACID BACTERIA: MICROBIOLOGY,GENETICS AND APPLICATIONS / (Record no. 22724)

MARC details
000 -الفاتح
حقل البيانات ثابتة الطول 00535nam a2200181Ia 4500
008 - عناصر البيانات ثابتة الطول - معلومات عامة
حقل البيانات ثابتة الطول 140319s9999 xx 000 0 eng d
040 ## - مصدر الفهرسة
وكالة الفهرسة الأصلية GCL /
وكالة النسخ GCL
082 04 - رقم تصنيف ديوى العشرى
رقم التصنيف 615.32995
رقم المادة V B
100 1# - المدخل الرئيسى - إسم شخصى
الإسم الشخصى DE VUYST,LUC
245 10 - بيان العنوان
العنوان BACTERIOCINS OF LACTIC ACID BACTERIA: MICROBIOLOGY,GENETICS AND APPLICATIONS /
بيان المسئوليه,etc DE VUYST,LUC
700 1# - المدخل الاضافى - اسم شخصى
الإسم الشخصى VANDAMME, ERICK J.
260 ## - PUBLICATION, DISTRIBUTION, ETC. (IMPRINT)
تاريخ النشر أو التوزيع 1994
300 ## - الوصف المادى
التعداد 539
650 04 - المدخل الاضافى بالموضوع-مصطلح موضوعى
مصطلح موضوعي BACTERIOCINS
650 04 - المدخل الاضافى بالموضوع-مصطلح موضوعى
مصطلح موضوعي LACTIC ACID BACTERIA
942 ## - عناصر المدخل الإضافي( كوها)
مصدر التصنيف او مخطط الترفيف Dewey Decimal Classification
Koha [default] item type كتاب
260 ## - PUBLICATION, DISTRIBUTION, ETC. (IMPRINT)
-- [S.N] :
-- BLACKIE ACADEMIC & PROFESSIONAL ،
Holdings
حالة التراجع حالة الفقد حالة تلف ليس للاعارة المكان المؤقت الموقع الحالى تاريخ الاكتساب اجمالي اﻻعارات رقم الطلب الباركود تاريخ اخر مشاهدة تاريخ تفعيل السعر نوع وعاء كوها
        مكتبة القاهرة الكبرى مكتبة القاهرة الكبرى 03/26/2014   615.32995\V B 41035 03/26/2014 03/26/2014 كتاب

Powered By

EGPV